| 000 | 00764nam a22001937a 4500 | ||
|---|---|---|---|
| 999 |
_c178526 _d178526 |
||
| 005 | 20210405163221.0 | ||
| 010 | _aENG-129366 | ||
| 020 |
_a978-81-949205-4-0 _c750.00 |
||
| 035 | _aEN-112898 | ||
| 037 | _bDBAD/PUB | ||
| 082 | _a370 | ||
| 245 |
_aEmerging Issues and Trends in Education: A Scholastic Perspective/ _cEdited by Ananthula Raghu and Arundhathi Yamsani |
||
| 260 |
_bKrishna Publication House _aGujrat _c2020 |
||
| 270 |
_aNo. 303, Yash Kunj Apartment, Devbaug, Anantwadi, Bhavnagar _bGujrat _e364002 _mkrishnapublication62@mail.com |
||
| 300 |
_av+242p. _c21cm(pbk) _bincluding illustrations and bibliographical references. |
||
| 700 | _aRaghu, Ananthula, Ed. | ||
| 700 | _aYamsani, Arundhathi, Ed. | ||
| 942 |
_2ddc _cEN _h370 _mEME |
||